[Event "10. Lichtenberger Sommer"]
[Site "Berlin"]
[Date "2011.08.14"]
[Round "2.45"]
[White "Kohlmeyer, Dagobert"]
[Black "Kirchhof, Arno"]
[Result "0-1"]
[WhiteElo "1879"]
[BlackElo "2048"]
[PlyCount "118"]
[EventDate "2011.??.??"]
[WhiteTeam "SC Rochade e.V."]
[BlackTeam "SC Zugzwang 95 e.V."]

1. e4 e6 2. d4 d5 3. Nc3 Bb4 4. e5 c5 5. a3 Bxc3+ 6. bxc3 Ne7 7. Nf3 Qc7 8. Bd3
b6 9. O-O Ba6 10. Ng5 Bxd3 11. Qxd3 cxd4 12. cxd4 h6 13. Nf3 Nbc6 14. Bd2 Rc8
15. Rfc1 O-O 16. c4 dxc4 17. Rxc4 Rfd8 18. Rac1 Qd7 19. Qe4 b5 20. Rc5 Nxd4 21.
Rxc8 Nxf3+ 22. Qxf3 Rxc8 23. Rxc8+ Qxc8 24. Qd3 a6 25. h3 Nd5 26. Qg3 Kh8 27.
Qf3 Qc7 28. Qe4 Qe7 29. Qf3 f6 30. exf6 Qxf6 31. Qxf6 Nxf6 32. Kf1 Kg8 33. Ke2
Kf7 34. Kd3 e5 35. g3 Ke6 36. Bb4 h5 37. f3 Kd5 38. Bf8 g6 39. Bb4 e4+ 40. Ke3
exf3 41. Kxf3 Ke5 42. Bc3+ Kf5 43. Bd2 g5 44. Ba5 g4+ 45. hxg4+ Nxg4 46. Kg2
Ne5 47. Kh3 Nf3 48. Bd8 Ke4 49. g4 hxg4+ 50. Kxg4 Ne5+ 51. Kg3 Kd3 52. Be7 Kc2
53. Kf2 Kb3 54. Ke2 Nc4 55. Kd3 Nxa3 56. Kd4 a5 57. Kc5 b4 58. Kd4 Nc2+ 59. Kd3
a4 0-1

[Event "10. Lichtenberger Sommer"]
[Site "Berlin"]
[Date "2011.08.14"]
[Round "2.46"]
[White "Krajewski, Wolfgang"]
[Black "Wiemann, Lea"]
[Result "1-0"]
[WhiteElo "2095"]
[BlackElo "1518"]
[PlyCount "65"]
[EventDate "2011.??.??"]
[WhiteTeam "SK Zehlendorf e.V."]
[BlackTeam "Queer-Springer SSV Berlin"]

1. d4 d5 2. c4 c6 3. Nf3 Nf6 4. e3 e6 5. Nc3 Bd6 6. Qc2 O-O 7. Bd3 dxc4 8. Bxc4
h6 9. Bd2 Nbd7 10. O-O-O b5 11. Bd3 a5 12. h3 Nb6 13. g4 Nfd7 14. Ne4 Qc7 15.
Rdg1 Bb7 16. g5 h5 17. g6 f6 18. Qd1 c5 19. Kb1 c4 20. Bc2 Rfc8 21. Ne1 c3 22.
Qxh5 Bxe4 23. Qh7+ Kf8 24. Qh8+ Ke7 25. Qxg7+ Ke8 26. Qf7+ Kd8 27. Bxe4 cxd2
28. Nf3 Nd5 29. g7 Nc3+ 30. bxc3 Qxc3 31. g8=Q+ Kc7 32. Qxc8+ Rxc8 33. Rc1 1-0

[Event "10. Lichtenberger Sommer"]
[Site "Berlin"]
[Date "2011.08.14"]
[Round "2.47"]
[White "Krefenstein, Sergej"]
[Black "Becker, Uwe"]
[Result "1-0"]
[WhiteElo "2031"]
[BlackElo "1791"]
[PlyCount "49"]
[EventDate "2011.??.??"]
[WhiteTeam "TuS Makkabi Berlin e.V."]
[BlackTeam "SV Glück auf Rüdersdorf e.V."]

1. f4 c6 2. Nf3 d6 3. e4 Bg4 4. Bc4 e6 5. h3 Bxf3 6. Qxf3 Nd7 7. O-O Qb6+ 8.
Kh1 Ngf6 9. d3 Be7 10. Bb3 Qc7 11. Nc3 a6 12. Be3 O-O 13. g4 b5 14. g5 Ne8 15.
f5 Ne5 16. Qg3 exf5 17. exf5 Kh8 18. Bf4 a5 19. a3 Qb7 20. Ne4 c5 21. Bxe5 dxe5
22. Kh2 f6 23. gxf6 Nxf6 24. Rg1 Rg8 25. Ng5 1-0

[Event "10. Lichtenberger Sommer"]
[Site "Berlin"]
[Date "2011.08.14"]
[Round "2.48"]
[White "Moeller, Dirk"]
[Black "Sabrowski, Uwe"]
[Result "0-1"]
[WhiteElo "1683"]
[BlackElo "2099"]
[PlyCount "90"]
[EventDate "2011.??.??"]
[WhiteTeam "SC Kreuzberg e.V."]
[BlackTeam "SC Friesen Lichtenberg e.V."]

1. e4 c5 2. c3 b6 3. d4 Bb7 4. d5 Nf6 5. f3 e6 6. c4 exd5 7. cxd5 Bd6 8. Nc3 a6
9. f4 Ng8 10. e5 Be7 11. d6 Bh4+ 12. Kd2 Nh6 13. Nf3 Bf2 14. Bc4 b5 15. Bd5 Nc6
16. a3 Qa5 17. Bxc6 Bxc6 18. Ke2 Bd4 19. Nxd4 cxd4 20. Qxd4 Nf5 21. Qf2 b4 22.
Nd1 Bb5+ 23. Kf3 Rc8 24. Ne3 Nd4+ 25. Kg4 Nb3 26. Qh4 Qd8 27. Qxd8+ Rxd8 28.
Ra2 Rc8 29. a4 Nxc1 30. axb5 Nxa2 31. Ra1 b3 32. b6 Rc5 33. Kf5 Rb5 34. Nc4 O-O
35. Ke4 Rc8 36. Ne3 Rb4+ 37. Kf5 g6+ 38. Kf6 Re8 39. f5 gxf5 40. Nd5 Re6+ 41.
Kxf5 Rb5 42. Ke4 f5+ 43. Kd4 Nb4 44. Nf6+ Rxf6 45. exf6 Nc2+ 0-1

[Event "10. Lichtenberger Sommer"]
[Site "Berlin"]
[Date "2011.08.14"]
[Round "2.49"]
[White "Kornrumpf, Joachim"]
[Black "Priese, Annika"]
[Result "1-0"]
[WhiteElo "2099"]
[BlackElo "1462"]
[PlyCount "51"]
[EventDate "2011.??.??"]
[WhiteTeam "Preetzer TSV"]
[BlackTeam "SG 1871 Löberitz"]

1. Nf3 d5 2. e3 Nf6 3. c4 Nc6 4. cxd5 Nxd5 5. a3 e5 6. Bb5 f6 7. Qc2 Bd7 8. Nc3
Nb6 9. O-O Qe7 10. d4 exd4 11. exd4 O-O-O 12. Bf4 g5 13. Be3 Qg7 14. d5 Ne5 15.
Nxe5 fxe5 16. Bxb6 axb6 17. Qa4 Kb8 18. Bxd7 Qxd7 19. Nb5 Qe7 20. Qa7+ Kc8 21.
Rac1 Rxd5 22. Qa8+ Kd7 23. Rxc7+ Ke6 24. Rxe7+ Kxe7 25. Qxb7+ Rd7 26. Qxb6 1-0

[Event "10. Lichtenberger Sommer"]
[Site "Berlin"]
[Date "2011.08.14"]
[Round "2.50"]
[White "Niehaus, Frank"]
[Black "Paris, Gerhard"]
[Result "1-0"]
[WhiteElo "2190"]
[BlackElo "1628"]
[PlyCount "59"]
[EventDate "2011.??.??"]
[WhiteTeam "SK König Tegel 1949 e.V."]
[BlackTeam "TSG Oberschöneweide e.V."]

1. e4 e5 2. Nf3 d6 3. d4 exd4 4. Nxd4 g6 5. Nc3 Bg7 6. Be3 Nf6 7. Qd2 O-O 8.
O-O-O Ng4 9. Bg5 Qe8 10. f3 Ne5 11. h4 h5 12. Kb1 Nbc6 13. Ndb5 Be6 14. Nxc7
Qd7 15. Nxa8 Rc8 16. Qxd6 Qxd6 17. Rxd6 Bf8 18. Rd1 Kg7 19. Nd5 Rxa8 20. Bf6+
Kg8 21. Be2 Rc8 22. Bg5 Bc5 23. Be3 Bf8 24. Rhg1 Nb4 25. Nxb4 Bxb4 26. g4 Nc4
27. Bxc4 Bxc4 28. gxh5 Be2 29. hxg6 Bxd1 30. gxf7+ 1-0

[Event "10. Lichtenberger Sommer"]
[Site "Berlin"]
[Date "2011.08.14"]
[Round "2.51"]
[White "Knaut, Jonathan"]
[Black "Hein, Carsten"]
[Result "0-1"]
[WhiteElo "1613"]
[BlackElo "2182"]
[PlyCount "64"]
[EventDate "2011.??.??"]
[WhiteTeam "SV Königsjäger Süd-West e.V."]
[BlackTeam "Potsdamer SV Mitte e.V."]

1. e4 c5 2. Nf3 Nc6 3. c3 Nf6 4. e5 Nd5 5. Bc4 e6 6. Bxd5 exd5 7. d4 d6 8. exd6
cxd4 9. Qe2+ Be6 10. Nxd4 Nxd4 11. cxd4 Bxd6 12. Qb5+ Qd7 13. Qxd7+ Kxd7 14.
O-O Rac8 15. Nc3 Bb4 16. Bd2 Rc4 17. Rfc1 Rhc8 18. a3 Ba5 19. b4 Bb6 20. Na4
Bxd4 21. Rxc4 Rxc4 22. Rc1 b5 23. Nc5+ Bxc5 24. bxc5 Kc6 25. Rxc4 bxc4 26. Be3
Kb5 27. Kf1 c3 28. Ke2 Kc4 29. c6 d4 30. Bf4 d3+ 31. Kd1 Kb3 32. Be5 Kb2 0-1

[Event "10. Lichtenberger Sommer"]
[Site "Berlin"]
[Date "2011.08.14"]
[Round "2.53"]
[White "Cusnariov, Nikolai"]
[Black "Ritter, Uwe"]
[Result "1-0"]
[WhiteElo "2143"]
[BlackElo "1733"]
[PlyCount "133"]
[EventDate "2011.??.??"]
[WhiteTeam "USV Potsdam e.V., Abt. Schach"]
[BlackTeam "Reideburger SV 90 Halle"]

1. e4 e6 2. d4 d5 3. Nd2 dxe4 4. Nxe4 Be7 5. Nf3 Nf6 6. Nxf6+ Bxf6 7. c3 Bd7 8.
Bd3 Bc6 9. O-O O-O 10. Re1 Nd7 11. Bf4 Nb6 12. Ne5 Bxe5 13. Bxe5 Qg5 14. Bg3
Nd5 15. Re5 Qe7 16. Qh5 g6 17. Qh6 Rfe8 18. Rh5 f5 19. Rh3 Qg7 20. Qd2 Qf7 21.
Be5 Rad8 22. Re1 Rd7 23. Rh6 Nf6 24. f3 Qf8 25. Qg5 Rf7 26. h4 Nd7 27. Bxc7 Nc5
28. dxc5 Qxc5+ 29. Kh1 Rxc7 30. h5 Rg7 31. hxg6 Qf2 32. Re2 Qf1+ 33. Kh2 Qd1
34. Bc4 Qd6+ 35. f4 Bd7 36. Rxh7 Qe7 37. Qxf5 Rxh7+ 38. gxh7+ Qxh7+ 39. Qxh7+
Kxh7 40. Re5 Kg7 41. g4 Rh8+ 42. Kg3 Re8 43. g5 Kg6 44. Kg4 Bc8 45. Bd3+ Kf7
46. Bc4 Kg6 47. a4 Bd7 48. Bb5 Bxb5 49. Rxb5 Re7 50. a5 Rd7 51. c4 Re7 52. b3
Rd7 53. Kf3 Kf7 54. Ke4 Ke7 55. f5 exf5+ 56. Kxf5 Kf7 57. Rd5 Re7 58. Rd6 Rc7
59. Ke5 Rc5+ 60. Rd5 Rc7 61. Kd6 Rc6+ 62. Kd7 Rg6 63. Rf5+ Kg8 64. Kc7 Rg7+ 65.
Kb8 b6 66. a6 Re7 67. g6 1-0

[Event "10. Lichtenberger Sommer"]
[Site "Berlin"]
[Date "2011.08.14"]
[Round "2.55"]
[White "George, Tom"]
[Black "Kutzner, Stephen"]
[Result "1/2-1/2"]
[WhiteElo "1839"]
[BlackElo "2089"]
[PlyCount "100"]
[EventDate "2011.??.??"]
[WhiteTeam "SG Blau-Weiß Stadtilm"]
[BlackTeam "SC 1950 Remagen"]

1. Nc3 e5 2. Nf3 Nc6 3. d4 exd4 4. Nxd4 Nf6 5. Bg5 Bb4 6. Nxc6 bxc6 7. Qd4 Be7
8. e4 O-O 9. Bc4 d5 10. exd5 cxd5 11. Nxd5 Nxd5 12. Qxd5 Be6 13. Qxd8 Bxd8 14.
Bxd8 Bxc4 15. Bg5 Rfe8+ 16. Be3 Rad8 17. b3 Bd5 18. O-O a6 19. Rad1 Be4 20. c3
Bc2 21. Rxd8 Rxd8 22. Rc1 Rd1+ 23. Rxd1 Bxd1 24. b4 Kf8 25. Kf1 Ke7 26. Ke1 Bg4
27. Bc5+ Ke6 28. c4 Ke5 29. Kd2 Be6 30. Kc3 g6 31. a4 Bc8 32. b5 Ke6 33. Kb4
Kd7 34. Ka5 axb5 35. cxb5 Bb7 36. g3 Kc8 37. Kb4 Bf3 38. Be3 Kb7 39. Kc5 Bd1
40. a5 Bf3 41. Bf4 Bg2 42. g4 h5 43. gxh5 gxh5 44. h4 Bf3 45. a6+ Kc8 46. Be5
Bg2 47. b6 cxb6+ 48. Kxb6 Bf3 49. Kc5 Be2 50. a7 Kb7 1/2-1/2

[Event "10. Lichtenberger Sommer"]
[Site "Berlin"]
[Date "2011.08.14"]
[Round "2.56"]
[White "Perestjuk, Marko"]
[Black "Hänisch, Christoph"]
[Result "1-0"]
[WhiteElo "1964"]
[BlackElo "1631"]
[PlyCount "121"]
[EventDate "2011.??.??"]
[WhiteTeam "SC Zitadelle Spandau 1977 e.V."]
[BlackTeam "SK Zehlendorf e.V."]

1. e4 c6 2. d4 d5 3. e5 Bf5 4. h4 h5 5. c4 e6 6. Nc3 Be7 7. Nf3 Nd7 8. cxd5
exd5 9. Bg5 Bxg5 10. Nxg5 Qe7 11. Be2 g6 12. O-O Nf8 13. Qa4 Nd7 14. b4 Nb6 15.
Qb3 Nh6 16. a4 O-O 17. a5 Nd7 18. b5 Be6 19. Rfd1 Nf5 20. g3 Kg7 21. a6 Nb6 22.
Qa3 Qxa3 23. Rxa3 bxa6 24. bxc6 Bc8 25. Ra5 Rd8 26. Bf3 Be6 27. Rxa6 Rdc8 28.
Ra5 Ne7 29. Rc5 Rxc6 30. Rxc6 Nxc6 31. Nb5 Rc8 32. Ra1 a5 33. Kg2 Nc4 34. Be2
Rb8 35. Nc7 Nxd4 36. Bxc4 dxc4 37. Rd1 Rc8 38. Ncxe6+ Nxe6 39. Nxe6+ fxe6 40.
Kf3 c3 41. Ke3 a4 42. Rc1 a3 43. Kd3 Rd8+ 44. Kxc3 Rc8+ 45. Kd2 Rxc1 46. Kxc1
Kf7 47. Kb1 Ke7 48. Ka2 Kd7 49. Kxa3 Kc6 50. Kb4 Kd5 51. f4 Ke4 52. Kc5 Kf3 53.
Kd6 Kxg3 54. Kxe6 Kxh4 55. Kf6 Kg3 56. e6 h4 57. e7 h3 58. e8=Q h2 59. Qxg6+
Kxf4 60. Qg2 h1=B 61. Qxh1 1-0

[Event "10. Lichtenberger Sommer"]
[Site "Berlin"]
[Date "2011.08.14"]
[Round "2.57"]
[White "Laurin, Dirk"]
[Black "Tiemer, Klaus"]
[Result "1/2-1/2"]
[WhiteElo "1671"]
[BlackElo "1958"]
[PlyCount "88"]
[EventDate "2011.??.??"]
[WhiteTeam "SG Narva Berlin e.V."]
[BlackTeam "TSG Oberschöneweide e.V."]

1. e4 c5 2. Nf3 Nc6 3. c3 Nf6 4. e5 Nd5 5. d4 cxd4 6. cxd4 d6 7. Bc4 dxe5 8.
dxe5 Be6 9. O-O g6 10. Re1 Nc7 11. Qb3 Bxc4 12. Qxc4 Ne6 13. Be3 Bg7 14. Nc3
O-O 15. Qh4 Qa5 16. Ng5 Nxg5 17. Bxg5 Bxe5 18. Bxe7 Nxe7 19. Qxe7 Bxc3 20. bxc3
b6 21. Qb4 Qf5 22. Qe4 Qc5 23. Qb4 Rfc8 24. Re3 a5 25. Qd4 b5 26. Rae1 Qxd4 27.
cxd4 Rd8 28. Rd3 Rd5 29. f3 Kf8 30. Rc1 Rad8 31. Rb1 b4 32. Rbd1 Rc8 33. Kf2
Rc2+ 34. R1d2 Rxd2+ 35. Rxd2 Ke7 36. Ke3 Kd6 37. Kd3 Rb5 38. Kc4 Rb7 39. Kb3
Kd5 40. Ka4 Kc4 41. d5 Kc5 42. d6 Rd7 43. Rc2+ Kb6 44. Rd2 Kc5 1/2-1/2

[Event "10. Lichtenberger Sommer"]
[Site "Berlin"]
[Date "2011.08.14"]
[Round "2.58"]
[White "Kuehnemund, Lutz"]
[Black "Duric, Rajko"]
[Result "1-0"]
[WhiteElo "2081"]
[BlackElo "1808"]
[PlyCount "73"]
[EventDate "2011.??.??"]
[WhiteTeam "SC Friesen Lichtenberg e.V."]
[BlackTeam "SC Kreuzberg e.V."]

1. b4 e5 2. Bb2 d6 3. e3 Nf6 4. c4 b6 5. Nf3 Bb7 6. Nc3 Be7 7. Be2 O-O 8. O-O
Nbd7 9. Qc2 h6 10. d4 Bxf3 11. Bxf3 Rb8 12. b5 d5 13. Nxd5 Nxd5 14. Bxd5 Nf6
15. Bf3 exd4 16. Bxd4 Bc5 17. Bxc5 bxc5 18. Rfd1 Qe7 19. Qf5 Rfd8 20. h3 Rd6
21. Rxd6 cxd6 22. a4 Qe6 23. Qd3 Qe5 24. Rd1 Rd8 25. Qd2 Qe7 26. Qa5 Ne8 27.
Qa6 Qc7 28. a5 Qb8 29. Rb1 Nc7 30. Qc6 Kf8 31. Be4 Qc8 32. b6 axb6 33. Rxb6 Ne8
34. Qxc8 Rxc8 35. a6 Nf6 36. Bb7 Rd8 37. a7 1-0

[Event "10. Lichtenberger Sommer"]
[Site "Berlin"]
[Date "2011.08.14"]
[Round "2.61"]
[White "Simon, Ralf-Axel"]
[Black "Hülse, Max"]
[Result "1/2-1/2"]
[WhiteElo "2200"]
[BlackElo "1445"]
[PlyCount "74"]
[EventDate "2011.??.??"]
[WhiteTeam "TSG Neuruppin"]
[BlackTeam "Forster Schachclub 95"]

1. d4 d5 2. e3 Nf6 3. Nf3 e6 4. Bd3 Nc6 5. a3 Bd6 6. c4 dxc4 7. Bxc4 O-O 8. Nc3
e5 9. d5 Ne7 10. e4 a6 11. Bg5 Ng6 12. h4 h6 13. Bxf6 Qxf6 14. g3 Bg4 15. Be2
Ne7 16. Nh2 Bxe2 17. Qxe2 Rac8 18. Ng4 Qg6 19. h5 Qh7 20. f4 exf4 21. e5 Bc5
22. Ne4 f5 23. Nef6+ gxf6 24. Nxf6+ Rxf6 25. exf6 Re8 26. O-O-O Be3+ 27. Kb1
Nc8 28. gxf4 Qf7 29. Rhe1 Nd6 30. Qg2+ Kh7 31. Rd3 Bxf4 32. Rxe8 Nxe8 33. Qf3
Bg5 34. Qxf5+ Kg8 35. Qc8 b6 36. d6 cxd6 37. Rxd6 Bxf6 1/2-1/2

[Event "10. Lichtenberger Sommer"]
[Site "Berlin"]
[Date "2011.08.14"]
[Round "2.62"]
[White "Petry, Thomas"]
[Black "Groß, Thorsten"]
[Result "0-1"]
[WhiteElo "1637"]
[BlackElo "2150"]
[PlyCount "72"]
[EventDate "2011.??.??"]
[WhiteTeam "SC Friesen Lichtenberg e.V."]
[BlackTeam "SC Weisse Dame e.V."]

1. e4 c6 2. d4 d5 3. Nc3 dxe4 4. Nxe4 Bf5 5. Ng3 Bg6 6. Nf3 Nd7 7. Bd3 Bxd3 8.
Qxd3 Ngf6 9. O-O e6 10. c3 Bd6 11. Ne4 Nxe4 12. Qxe4 Nf6 13. Qh4 Qa5 14. Bf4
Be7 15. Qg5 Qxg5 16. Bxg5 Nd5 17. Bxe7 Kxe7 18. Ne5 Rhd8 19. Rfe1 a5 20. a4 Ra6
21. Ra3 f6 22. Nc4 Rc8 23. Rb3 Rc7 24. g3 Kd7 25. f3 b5 26. axb5 cxb5 27. Ne3
Nxe3 28. Rxe3 Rb7 29. c4 b4 30. c5 a4 31. Rbd3 b3 32. Rc3 a3 33. c6+ Rxc6 34.
Rxb3 Rc1+ 35. Kg2 Rxb3 36. Rxb3 a2 0-1

[Event "10. Lichtenberger Sommer"]
[Site "Berlin"]
[Date "2011.08.14"]
[Round "2.63"]
[White "Bieg, Pascal"]
[Black "Schreyer, Oliver"]
[Result "0-1"]
[WhiteElo "1751"]
[BlackElo "2130"]
[PlyCount "40"]
[EventDate "2011.??.??"]
[WhiteTeam "SV Königsjäger Süd-West e.V."]
[BlackTeam "Schachverein 1949 Herzogenrath"]

1. d4 Nf6 2. c4 e6 3. Nc3 Bb4 4. Qc2 c5 5. dxc5 Bxc5 6. Nf3 Nc6 7. e3 b6 8. Be2
O-O 9. O-O d5 10. cxd5 Nb4 11. Qd2 Nbxd5 12. Nxd5 exd5 13. Rd1 Bb7 14. b4 Ne4
15. Qe1 Qf6 16. Nd4 Bd6 17. Bb2 Rac8 18. Rac1 Bxb4 19. Qxb4 Qxf2+ 20. Kh1 Qxe3
0-1

[Event "10. Lichtenberger Sommer"]
[Site "Berlin"]
[Date "2011.08.14"]
[Round "2.64"]
[White "Gress, Alexander"]
[Black "Bolshakov, Konstantin"]
[Result "1-0"]
[WhiteElo "2061"]
[BlackElo "1618"]
[PlyCount "65"]
[EventDate "2011.??.??"]
[WhiteTeam "SC Caissa Schwarzenbach"]
[BlackTeam "SG 1871 Löberitz"]

1. e4 e5 2. Nf3 Nc6 3. Bc4 Bc5 4. c3 Nf6 5. d4 exd4 6. cxd4 Bb4+ 7. Bd2 d5 8.
exd5 Nxd5 9. O-O Bxd2 10. Nbxd2 O-O 11. Re1 Bg4 12. Qc2 Nf6 13. Qc3 a6 14. Nb3
Bxf3 15. Qxf3 Nxd4 16. Qxb7 Nxb3 17. Bxb3 Qd6 18. Rac1 Rfc8 19. Rc6 Rab8 20.
Qxa6 Qd2 21. Qe2 Qb4 22. Qe7 Qxb3 23. axb3 Re8 24. Qxe8+ Nxe8 25. Re3 Kf8 26.
Kf1 Rb7 27. Ra6 Rb8 28. Ra7 g6 29. Ke2 c5 30. Rd7 c4 31. Rf3 f5 32. Rxh7 Ng7
33. Rh8+ 1-0

[Event "10. Lichtenberger Sommer"]
[Site "Berlin"]
[Date "2011.08.14"]
[Round "2.65"]
[White "Frey, Matthias"]
[Black "Huebner, Alan-Ari"]
[Result "1/2-1/2"]
[WhiteElo "1948"]
[BlackElo "1636"]
[PlyCount "69"]
[EventDate "2011.??.??"]
[WhiteTeam "Münsingen"]
[BlackTeam "TuS Makkabi Berlin e.V."]

1. e4 c5 2. Nf3 d6 3. d4 cxd4 4. Nxd4 Nf6 5. Nc3 a6 6. Be3 e5 7. Nb3 Be6 8. f3
Nbd7 9. Qd2 b5 10. O-O-O Nb6 11. Na5 Qc7 12. Kb1 Be7 13. Rg1 Rd8 14. Bxb5+ axb5
15. Nxb5 Qd7 16. Bxb6 Qxb5 17. Bxd8 Bxd8 18. Nb3 Bc7 19. g4 O-O 20. h4 Rd8 21.
h5 d5 22. Qg5 h6 23. Qh4 Qe2 24. g5 Bb6 25. gxf6 Bxg1 26. Rxg1 dxe4 27. Qxe4
Rd1+ 28. Rxd1 Qxd1+ 29. Nc1 gxf6 30. a4 Bd5 31. Qg4+ Kf8 32. Qc8+ Kg7 33. Qg4+
Kf8 34. Qc8+ Kg7 35. Qg4+ 1/2-1/2

[Event "10. Lichtenberger Sommer"]
[Site "Berlin"]
[Date "2011.08.14"]
[Round "2.66"]
[White "Hoppensack, Manfred"]
[Black "Bullig, Reinhard"]
[Result "1-0"]
[WhiteElo "2058"]
[BlackElo "1730"]
[PlyCount "57"]
[EventDate "2011.??.??"]
[WhiteTeam "SC Friesen Lichtenberg e.V."]
[BlackTeam "Sfrd. Berlin 1903 e.V."]

1. e4 c5 2. Nf3 d6 3. d4 cxd4 4. Nxd4 Nf6 5. Nc3 a6 6. Bg5 e6 7. Qd2 Be7 8. f4
O-O 9. O-O-O Ne8 10. Nf3 b5 11. e5 d5 12. Bd3 Nc6 13. g4 Bb7 14. Bxe7 Nxe7 15.
h4 b4 16. Ne2 Qa5 17. Kb1 d4 18. Nexd4 Bxf3 19. Nxf3 Nd5 20. Nd4 Qb6 21. Ka1 g6
22. Be4 Nec7 23. h5 Ra7 24. hxg6 fxg6 25. f5 Ne7 26. f6 Ned5 27. Qh6 Ne8 28.
Nxe6 Ne3 29. Qxf8# 1-0

[Event "10. Lichtenberger Sommer"]
[Site "Berlin"]
[Date "2011.08.14"]
[Round "2.67"]
[White "Yuan, Yizheng"]
[Black "Mako, Attila"]
[Result "1-0"]
[WhiteElo "1889"]
[BlackElo "1702"]
[PlyCount "37"]
[EventDate "2011.??.??"]
[WhiteTeam "Schachpinguine Berlin e.V."]
[BlackTeam "BSC Rehberge 1945 e.V."]

1. e4 d6 2. d4 Nf6 3. Nc3 g6 4. Be3 Bg7 5. f3 O-O 6. Qd2 Re8 7. O-O-O c6 8. Bh6
Nbd7 9. h4 b5 10. h5 Nf8 11. hxg6 fxg6 12. Bxg7 Kxg7 13. Qh6+ Kh8 14. e5 Ng8
15. Qh2 Be6 16. Ne4 Bf5 17. Ng5 Kg7 18. g4 e6 19. Qxh7+ 1-0

[Event "10. Lichtenberger Sommer"]
[Site "Berlin"]
[Date "2011.08.14"]
[Round "2.68"]
[White "Dittrich, Hans-Georg"]
[Black "Baranowsky, Peter"]
[Result "1/2-1/2"]
[WhiteElo "1698"]
[BlackElo "1989"]
[PlyCount "36"]
[EventDate "2011.??.??"]
[WhiteTeam "SG Blau-Weiß Stadtilm"]
[BlackTeam "Sfrd. Berlin 1903 e.V."]

1. e4 e6 2. d4 d5 3. Nc3 Bb4 4. e5 c5 5. a3 Bxc3+ 6. bxc3 Ne7 7. Qg4 O-O 8. Bd3
f5 9. exf6 Rxf6 10. Bg5 Rf7 11. Qh5 g6 12. Qd1 c4 13. Be2 Bd7 14. Nf3 Nbc6 15.
h4 Qc7 16. Qd2 Raf8 17. Bh6 Re8 18. O-O e5 1/2-1/2

[Event "10. Lichtenberger Sommer"]
[Site "Berlin"]
[Date "2011.08.14"]
[Round "2.69"]
[White "Penner, Markus"]
[Black "Poeltelt, Helmut"]
[Result "1-0"]
[WhiteElo "1949"]
[BlackElo "1716"]
[PlyCount "63"]
[EventDate "2011.??.??"]
[WhiteTeam "SK Zehlendorf e.V."]
[BlackTeam "SC Eintracht Berlin e.V."]

1. e4 c5 2. Nf3 d6 3. d4 cxd4 4. Nxd4 Nf6 5. Nc3 a6 6. Be3 g6 7. f3 Bg7 8. Qd2
Nc6 9. Bc4 O-O 10. O-O-O Qc7 11. Bb3 Na5 12. h4 Nxb3+ 13. axb3 h5 14. Bh6 Kh7
15. Bxg7 Kxg7 16. g4 Qa5 17. gxh5 Nxh5 18. Kb1 Qe5 19. Nde2 b5 20. f4 Qe6 21.
Nd4 Qd7 22. f5 Bb7 23. Qg5 b4 24. Ne6+ Kh7 25. Nxf8+ Rxf8 26. Nd5 Bxd5 27. exd5
Qe8 28. Rde1 f6 29. fxg6+ Qxg6 30. Rxe7+ Ng7 31. Qxg6+ Kxg6 32. Rg1+ 1-0

[Event "10. Lichtenberger Sommer"]
[Site "Berlin"]
[Date "2011.08.14"]
[Round "2.70"]
[White "Mueller, Achim"]
[Black "Lagunow, Elina"]
[Result "1/2-1/2"]
[WhiteElo "2074"]
[BlackElo "1713"]
[PlyCount "43"]
[EventDate "2011.??.??"]
[WhiteTeam "Verein Rheinbacher Schachfreunde"]
[BlackTeam "SG Grün-Weiß Baumschulenweg e.V."]

1. d4 Nf6 2. c4 e5 3. dxe5 Ng4 4. Bf4 Bb4+ 5. Nd2 Nc6 6. Ngf3 Qe7 7. e3 Ngxe5
8. Nxe5 Nxe5 9. Be2 O-O 10. O-O a5 11. a3 Bc5 12. Rc1 d6 13. Rc3 Bf5 14. Bg3 h6
15. Nb3 Bb6 16. Nd4 Bh7 17. Kh1 Nd7 18. Bf3 Nc5 19. b3 f5 20. Nb5 Kh8 21. Rc1
Rad8 22. Nc3 1/2-1/2

[Event "10. Lichtenberger Sommer"]
[Site "Berlin"]
[Date "2011.08.14"]
[Round "2.72"]
[White "Schreyer, Erik"]
[Black "Ollek, Karl-Heinz"]
[Result "1-0"]
[WhiteElo "1831"]
[BlackElo "1803"]
[PlyCount "63"]
[EventDate "2011.??.??"]
[WhiteTeam "Schachverein 1949 Herzogenrath"]
[BlackTeam "SC Friesen Lichtenberg e.V."]

1. e4 e6 2. d4 d5 3. exd5 exd5 4. Bd3 Nf6 5. Be3 Bd6 6. Nc3 c6 7. Qd2 Nbd7 8.
O-O-O O-O 9. f3 Qa5 10. Qf2 b5 11. g4 b4 12. Nb1 Qc7 13. h4 c5 14. dxc5 Nxc5
15. Bxc5 Bxc5 16. Qh2 Be3+ 17. Nd2 Bf4 18. Qg2 b3 19. axb3 Bb7 20. h5 d4 21.
Ne2 Be3 22. g5 Qa5 23. Kb1 Nd5 24. Nc4 Qc7 25. g6 h6 26. Be4 Nf4 27. Nxf4 Bxe4
28. fxe4 Qxf4 29. Rhf1 Qh4 30. e5 fxg6 31. hxg6 Rad8 32. Nd6 1-0

[Event "10. Lichtenberger Sommer"]
[Site "Berlin"]
[Date "2011.08.14"]
[Round "2.73"]
[White "Jachym, Christoph"]
[Black "Hahne, Carsten"]
[Result "0-1"]
[WhiteElo "1585"]
[BlackElo "1818"]
[PlyCount "84"]
[EventDate "2011.??.??"]
[WhiteTeam "SC Zugzwang 95 e.V."]
[BlackTeam "vereinslos"]

1. e4 c6 2. d4 d5 3. e5 Bf5 4. Nc3 e6 5. g4 Bg6 6. Nge2 h6 7. Nf4 Bh7 8. h4 Be7
9. g5 Bf5 10. Nh5 Kf8 11. Bd3 Bxd3 12. Qxd3 hxg5 13. hxg5 g6 14. Ng3 Rxh1+ 15.
Nxh1 Bxg5 16. Bd2 Bxd2+ 17. Qxd2 Qh4 18. O-O-O Qh6 19. f4 Ne7 20. Ng3 Na6 21.
Rh1 Qg7 22. Rh3 Nc7 23. Qh2 Kg8 24. Nd1 f5 25. exf6 Qxf6 26. Kb1 Kf7 27. Ne2
Nf5 28. Rh7+ Ng7 29. f5 Nce8 30. fxg6+ Qxg6 31. Nf4 Qg4 32. Ne3 Qf3 33. Rh3 Qe4
34. a3 Nf6 35. Ne2 Re8 36. Nc3 Qxd4 37. Rf3 e5 38. Qh7 e4 39. Nf5 Qg1+ 40. Ka2
Nxh7 41. Rg3 Qxg3 42. Nxg3 Ng5 0-1

[Event "10. Lichtenberger Sommer"]
[Site "Berlin"]
[Date "2011.08.14"]
[Round "2.74"]
[White "Bandlow, Matthias"]
[Black "Schneider, Eckehard"]
[Result "0-1"]
[WhiteElo "1988"]
[BlackElo "1733"]
[PlyCount "80"]
[EventDate "2011.??.??"]
[WhiteTeam "SC Borussia Friedrichsfelde 1920"]
[BlackTeam "Sfrd. Berlin 1903 e.V."]

1. d4 Nf6 2. c4 c5 3. e3 e6 4. Nf3 b6 5. Bd3 Bb7 6. O-O cxd4 7. exd4 d5 8. b3
Nc6 9. Bb2 Bd6 10. Nbd2 O-O 11. Rc1 Rc8 12. Ne5 Nd7 13. f4 f6 14. Qh5 f5 15.
Ndf3 Nf6 16. Qh3 Qe8 17. Rce1 Bb4 18. Re2 Nxe5 19. Nxe5 Rc7 20. Nf3 Ne4 21. Ng5
Qg6 22. Nxe4 dxe4 23. Bb1 Rd8 24. a3 Be7 25. Rd1 Rcd7 26. Qe3 Bf6 27. Red2 Qh5
28. b4 g5 29. g3 gxf4 30. gxf4 Rg7+ 31. Kh1 Kf7 32. Rg1 Rdg8 33. Rxg7+ Rxg7 34.
Bc2 Qf3+ 35. Qxf3 exf3 36. Rf2 Bh4 37. d5 Bxf2 38. dxe6+ Kf8 39. Bxg7+ Kxg7 40.
h3 Kf6 0-1

[Event "10. Lichtenberger Sommer"]
[Site "Berlin"]
[Date "2011.08.14"]
[Round "2.75"]
[White "Kasper, Peter"]
[Black "Junge, Wolfgang"]
[Result "1-0"]
[WhiteElo "1808"]
[BlackElo "1776"]
[PlyCount "41"]
[EventDate "2011.??.??"]
[WhiteTeam "SG Eckturm"]
[BlackTeam "SC Friesen Lichtenberg e.V."]

1. e4 e5 2. Nf3 Nf6 3. d4 exd4 4. e5 Ne4 5. Qxd4 d5 6. exd6 Nxd6 7. Nc3 Nc6 8.
Qf4 Be6 9. Be3 g6 10. Bb5 Nxb5 11. Nxb5 Bd6 12. Nxd6+ Qxd6 13. Qf6 Rg8 14. Ng5
Bf5 15. Nxh7 Qb4+ 16. c3 Qxb2 17. O-O Rd8 18. Ng5 Rd7 19. Bc5 Bd3 20. Rfe1+ Be2
21. Qf3 1-0

[Event "10. Lichtenberger Sommer"]
[Site "Berlin"]
[Date "2011.08.14"]
[Round "2.76"]
[White "Walter, Günter"]
[Black "Schmitt, Jens-Ole"]
[Result "1-0"]
[WhiteElo "1990"]
[BlackElo "1557"]
[PlyCount "57"]
[EventDate "2011.??.??"]
[WhiteTeam "TSG Oberschöneweide e.V."]
[BlackTeam "SG Narva Berlin e.V."]

1. e4 c5 2. Nf3 e6 3. d4 cxd4 4. Qxd4 Nc6 5. Qe3 Nf6 6. h3 Be7 7. c4 d5 8. e5
Nd7 9. cxd5 Nb4 10. Bd3 Nc5 11. Bb5+ Bd7 12. Bxd7+ Qxd7 13. Na3 Ncd3+ 14. Ke2
Qxd5 15. Rd1 Rd8 16. Qxa7 Bc5 17. Qa4+ Ke7 18. Be3 Qe4 19. Kf1 Bxe3 20. fxe3
Qxe3 21. Rd2 Rd4 22. Rad1 Rf4 23. Qb5 Nxe5 24. Qxb7+ Kf6 25. Re2 Qc5 26. Re4
Nbd3 27. Rxf4+ Nxf4 28. Qe4 Nh5 29. Qh4+ 1-0